Educación en valores: aportaciones a la función orientadora y tutorial

-д хадгалсан:
Номзүйн дэлгэрэнгүй
Үндсэн зохиолч: Martínez Muñiz, Baudilio (autor)
Формат: Ном
Хэл сонгох:испани
Хэвлэсэн: Madrid Bruño 1994
Цуврал:Nueva Escuela
Нөхцлүүд:
Шошгууд: Шошго нэмэх
Шошго байхгүй, Энэхүү баримтыг шошголох эхний хүн болох!

MARC

LEADER 00000nam a2200000 a 4500
001 UCI9205
003 CL-VaPUC
008 081030e19940000SP |||||||||||||||||spa|d
020 |a 8421622463 
082 0 4 |a 370.114  |b MAR  |2 21 
100 |a Martínez Muñiz, Baudilio  |e autor  |9 532821 
245 1 0 |a Educación en valores: aportaciones a la función orientadora y tutorial 
300 |a 168 p 
942 |c BK 
945 |d 20081030 00:00:00  |a rbrito 
260 |a Madrid  |b Bruño  |c 1994 
650 0 |a Educación moral  |9 308319 
650 0 |a Filosofía de la educación   |9 258384 
650 0 |a Comportamiento moral  |9 334569 
650 7 |a ORIENTACION EDUCACIONAL  |2 CL-VaPUC  |9 312512 
583 |a last modification  |c 20081030 00:00:00  |k Rodrigo Vera 
490 0 |a Nueva Escuela 
999 |c 331789  |d 331787 
952 |0 0  |1 0  |4 0  |6 370_114000000000000_MAR_1994  |7 0  |8 A  |9 418903  |a BIBEDU  |b BIBEDU  |d 2019-11-22  |i 4493842  |o 370.114 MAR 1994  |p 4493842  |r 2019-11-22  |w 2019-11-22  |y BK  |k EBA